000 00817mam a2200205 i 4500
020 _a0801818761
_a080181877X
082 0 0 _a333.9/1/0091724
_bSAU
_cD
_cMCE
100 1 _aSaunders, Robert J.
_914963
245 1 0 _aVillage water supply :
_beconomics and policy in the developing world /
_cRobert J. Saunders, Jeremy J. Warford.
260 _aBaltimore :
_bPublished for the World Bank [by] Johns Hopkins University Press,
_cc1976.
300 _axii, 279 p. ;
_c23 cm.
490 1 _aA World Bank research publication
500 _aIncludes index.
526 _a0
_b0
_c0
_d333_910091724000000_SAU
650 0 _aWater resources development
_zDeveloping countries.
_923592
650 0 _aWater-supply
_zDeveloping countries.
_923594
700 1 _aWarford, Jeremy J.,
_937081
710 2 _aWorld Bank.
_94999
942 _2ddc
_cBK
999 _c542003
_d542003